| 000 | 00478nam a2200181 a 4500 | ||
|---|---|---|---|
| 001 | 000030131 | ||
| 005 | 20200930060053.0 | ||
| 008 | 110429s2010 dr 000 0 spa d | ||
| 040 |
_aDO-SdBNP _bspa _cBNPHU |
||
| 082 |
_axxx _bC416i |
||
| 100 | 1 |
_aCerón, Rocío _956836 |
|
| 245 | 1 | 0 |
_aImperio / _cRocío Cerón. |
| 260 |
_a[s.l .] : _bAngeles de Fierro, _c2010. |
||
| 300 |
_a80 p. ; _c17 cm. |
||
| 490 | 1 | _aRosa de Tierra | |
| 830 | 0 |
_aRosa de Tierra _956837 |
|
| 049 | _aBNPD | ||
| 999 |
_c29623 _d29623 |
||